[Event "Madrid ch - Previa A"]
[Site "Madrid ESP"]
[Date "2002.10.21"]
[Round "1.1"]
[White "Suarez Prieto, Leopoldo"]
[Black "Rojas Jerez, Francisco J"]
[Result "1/2-1/2"]
[WhiteElo "1918"]
[BlackElo "1961"]
[PlyCount "83"]
[EventDate "2002.10.21"]
[EventType "swiss"]
[EventRounds "9"]
[EventCountry "ESP"]
[Source "lmi"]
[SourceDate "2002.10.21"]

1. e4 c5 2. c3 d5 3. e5 Nc6 4. d4 Qb6 5. dxc5 Qxc5 6. b4 Qb6 7. Be3 Qd8 8. f4
Nh6 9. Be2 e6 10. h4 Nf5 11. Bf2 a6 12. Nf3 Be7 13. g4 Nh6 14. Rg1 O-O 15. a3
Bd7 16. Nbd2 Rc8 17. Bd3 Kh8 18. Ng5 g6 19. Ndf3 Be8 20. h5 Kg8 21. hxg6 hxg6
22. Bh4 d4 23. c4 Qd7 24. Qe2 Kg7 25. Ne4 Bxh4+ 26. Nxh4 Rh8 27. Nf6 Qe7 28. f5
exf5 29. gxf5 Qxe5 30. Nh5+ Kf8 31. fxg6 fxg6 32. Bxg6 Rg8 33. Rf1+ Bf7 34. Bh7
Re8 35. Nf4 Qxe2+ 36. Nxe2 Rg4 37. Nf5 Nxf5 38. Bxf5 Rg5 39. Kd2 Rg2 40. Bd3
Re3 41. Rg1 Rf2 42. Raf1 1/2-1/2

[Event "Madrid ch - Previa A"]
[Site "Madrid ESP"]
[Date "2002.10.21"]
[Round "1.2"]
[White "Martin Sanchez, Pablo"]
[Black "Galan Aguado, Fernando"]
[Result "1-0"]
[WhiteElo "1998"]
[BlackElo "1798"]
[PlyCount "60"]
[EventDate "2002.10.21"]
[EventType "swiss"]
[EventRounds "9"]
[EventCountry "ESP"]
[Source "lmi"]
[SourceDate "2002.10.21"]

1. e4 e6 2. d4 d5 3. exd5 exd5 4. Bd3 Bd6 5. Ne2 Ne7 6. O-O Bf5 7. Bg5 Bxd3 8.
Qxd3 O-O 9. Nd2 c6 10. Qh3 Qd7 11. g4 Ng6 12. f4 f6 13. Bh4 Nxh4 14. Qxh4 Qe6
15. Rae1 Qe3+ 16. Kh1 Qxd2 17. g5 Nd7 18. Ng3 fxg5 19. Qxg5 Bxf4 20. Qg4 Rf7
21. Re2 Qxd4 22. Nf5 Rxf5 23. Qxf5 Rf8 24. Qxd7 Qxb2 25. Qe6+ Kh8 26. Qf5 Kg8
27. Qxf8+ Kxf8 28. Rxf4+ Qf6 29. Rxf6+ gxf6 30. Kg2 Kf7 1-0

[Event "Madrid ch - Previa A"]
[Site "Madrid ESP"]
[Date "2002.10.21"]
[Round "1.3"]
[White "Aburto Renovales, Rafael"]
[Black "Roman Bada, Javier"]
[Result "0-1"]
[WhiteElo "2000"]
[BlackElo "2020"]
[PlyCount "64"]
[EventDate "2002.10.21"]
[EventType "swiss"]
[EventRounds "9"]
[EventCountry "ESP"]
[Source "lmi"]
[SourceDate "2002.10.21"]

1. Nf3 d5 2. d4 Nf6 3. e3 c6 4. c4 Bf5 5. Nc3 Nbd7 6. b3 e6 7. Bb2 Qa5 8. Nh4
Bb4 9. Nxf5 Bxc3+ 10. Bxc3 Qxc3+ 11. Ke2 exf5 12. Qc1 Qxc1 13. Rxc1 O-O 14. f3
Rfe8 15. Kf2 Rac8 16. Bd3 g6 17. Rc2 c5 18. Rhc1 cxd4 19. exd4 dxc4 20. Bxc4
Nb6 21. a4 Kf8 22. a5 Nxc4 23. bxc4 Re6 24. d5 Ra6 25. Rb1 Rxa5 26. Rxb7 Nxd5
27. Rd7 Nb6 28. Rd4 Ra4 29. Ke3 Raxc4 30. Rdxc4 Rxc4 31. Re2 Ra4 32. Rd2 Nc4+
0-1

[Event "Madrid ch - Previa A"]
[Site "Madrid ESP"]
[Date "2002.10.21"]
[Round "1.4"]
[White "Hernandez del Can, Jose"]
[Black "Hernandez Navas, Francisco Javier"]
[Result "1/2-1/2"]
[WhiteElo "1911"]
[BlackElo "1923"]
[PlyCount "70"]
[EventDate "2002.10.21"]
[EventType "swiss"]
[EventRounds "9"]
[EventCountry "ESP"]
[Source "lmi"]
[SourceDate "2002.10.21"]

1. c4 c5 2. Nf3 g6 3. Nc3 Nf6 4. e3 Nc6 5. d4 cxd4 6. exd4 d5 7. h3 Bg7 8. Be2
O-O 9. O-O b6 10. Be3 Bb7 11. a3 dxc4 12. Bxc4 Na5 13. Be2 Rc8 14. Nd2 Nd5 15.
Nxd5 Bxd5 16. Rc1 Qd7 17. b4 Rxc1 18. Qxc1 Nb3 19. Nxb3 Bxb3 20. Qb2 Be6 21.
Rc1 Rd8 22. Rd1 Rc8 23. Bf3 Bd5 24. Bxd5 Qxd5 25. Qd2 Qb3 26. Rc1 Rxc1+ 27.
Qxc1 h5 28. Kf1 Qd3+ 29. Kg1 Bxd4 30. Bxd4 Qxd4 31. Qe1 e5 32. a4 f5 33. a5 b5
34. Qe2 a6 35. Qa2+ Kh7 1/2-1/2

[Event "Madrid ch - Previa A"]
[Site "Madrid ESP"]
[Date "2002.10.21"]
[Round "1.6"]
[White "Canseco Arenas, Alfonso"]
[Black "Corredor Gonzalez, Angel"]
[Result "0-1"]
[WhiteElo "1901"]
[BlackElo "1874"]
[PlyCount "66"]
[EventDate "2002.10.21"]
[EventType "swiss"]
[EventRounds "9"]
[EventCountry "ESP"]
[Source "lmi"]
[SourceDate "2002.10.21"]

1. a3 e5 2. c4 Nf6 3. Nc3 d6 4. g3 Be7 5. Bg2 c6 6. e4 O-O 7. Nge2 Nbd7 8. d3
Re8 9. f4 Qc7 10. f5 a6 11. h3 b5 12. Be3 Bb7 13. g4 h6 14. Qd2 bxc4 15. dxc4
Nc5 16. Bxc5 dxc5 17. Ng3 Rad8 18. Qe3 Rd4 19. Nge2 Rxc4 20. b3 Rd4 21. g5 hxg5
22. Qxg5 Nxe4 23. Qh5 Nxc3 24. Nxd4 exd4 25. O-O Bd6 26. f6 Re5 27. Qg4 g6 28.
Rae1 Nd5 29. Bxd5 cxd5 30. Qh4 Re3 31. Rxe3 dxe3 32. Qh6 Bh2+ 33. Kg2 Qg3+ 0-1

[Event "Madrid ch - Previa A"]
[Site "Madrid ESP"]
[Date "2002.10.21"]
[Round "1.7"]
[White "Sanchez Rodenas, Jose Antonio"]
[Black "Huerta Navarro, Eusebio"]
[Result "1/2-1/2"]
[WhiteElo "1841"]
[BlackElo "1946"]
[PlyCount "63"]
[EventDate "2002.10.21"]
[EventType "swiss"]
[EventRounds "9"]
[EventCountry "ESP"]
[Source "lmi"]
[SourceDate "2002.10.21"]

1. d4 d5 2. c4 e6 3. Nc3 Nf6 4. Nf3 c5 5. e3 Nc6 6. Bd3 cxd4 7. exd4 dxc4 8.
Bxc4 a6 9. O-O b5 10. Bb3 Bb7 11. d5 exd5 12. Nxd5 Nxd5 13. Bxd5 Be7 14. Ne5
Nxe5 15. Bxb7 Qxd1 16. Rxd1 Ra7 17. Bd5 O-O 18. Be3 Rc7 19. Rac1 Rfc8 20. Bb7
Rxc1 21. Rxc1 Rxc1+ 22. Bxc1 Nd3 23. Bd2 a5 24. Bxa5 Nxb2 25. Bc3 Nd1 26. Bd4
b4 27. Kf1 Nc3 28. Bxc3 bxc3 29. Ke2 Kf8 30. Kd3 Bf6 31. Be4 Ke8 32. Kc4
1/2-1/2

[Event "Madrid ch - Previa A"]
[Site "Madrid ESP"]
[Date "2002.10.21"]
[Round "1.8"]
[White "Gonzalo Gonzalez, Francisco"]
[Black "Martinez Alvarez, Carlos"]
[Result "0-1"]
[WhiteElo "1961"]
[BlackElo "1839"]
[PlyCount "144"]
[EventDate "2002.10.21"]
[EventType "swiss"]
[EventRounds "9"]
[EventCountry "ESP"]
[Source "lmi"]
[SourceDate "2002.10.21"]

1. e4 e5 2. Nf3 Nf6 3. Bc4 d6 4. d3 Be7 5. Nc3 Nc6 6. a3 h6 7. h3 Be6 8. Bxe6
fxe6 9. Nh4 Kf7 10. g4 Nxe4 11. Qf3+ Nf6 12. Be3 d5 13. g5 hxg5 14. Bxg5 Nd4
15. Qd1 Nh5 16. Bxe7 Qxe7 17. Nf3 Nxf3+ 18. Qxf3+ Qf6 19. Qg4 Nf4 20. O-O-O Rh4
21. Qf3 Rah8 22. Rde1 Rxh3 23. Rxh3 Rxh3 24. Qg4 Rh6 25. Kb1 Rg6 26. Qf3 c6 27.
Rh1 Rh6 28. Rf1 Qh4 29. Re1 Qh5 30. Qd1 Qxd1+ 31. Nxd1 Kf6 32. Ne3 Rg6 33. f3
Ng2 34. Nxg2 Rxg2 35. Rf1 Rh2 36. f4 e4 37. dxe4 dxe4 38. Kc1 Kf5 39. b4 Rh3
40. a4 Rf3 41. Rg1 e3 42. Kd1 Rxf4 43. Rxg7 Rxb4 44. a5 a6 45. Ke2 Ke5 46. Kxe3
Kd5 47. Rd7+ Ke5 48. Kd3 Kf6 49. c3 Rb5 50. c4 Rxa5 51. Rxb7 Ke5 52. Rb3 Kd6
53. Kd4 Rh5 54. Rb8 e5+ 55. Kd3 Kc5 56. Ra8 Rh3+ 57. Ke4 Ra3 58. Kxe5 Kxc4 59.
Kd6 c5 60. Rc8 Rd3+ 61. Kc6 a5 62. Kb6 Kb4 63. Rb8 a4 64. Kc6+ Kc4 65. Ra8 a3
66. Ra5 Kb3 67. Rb5+ Kc2 68. Kxc5 a2 69. Ra5 Kb2 70. Kc4 Ra3 71. Rg5 Rc3+ 72.
Kd4 a1=Q 0-1

[Event "Madrid ch - Previa A"]
[Site "Madrid ESP"]
[Date "2002.10.21"]
[Round "1.9"]
[White "Lopez Mansillas, Vicente"]
[Black "Martin-Consuegra, Javier"]
[Result "1/2-1/2"]
[WhiteElo "1837"]
[BlackElo "1923"]
[PlyCount "76"]
[EventDate "2002.10.21"]
[EventType "swiss"]
[EventRounds "9"]
[EventCountry "ESP"]
[Source "lmi"]
[SourceDate "2002.10.21"]

1. e4 d5 2. exd5 Qxd5 3. Nc3 Qa5 4. Nf3 Nf6 5. d3 Bg4 6. Be2 c6 7. Bd2 Qc7 8.
h3 Bh5 9. O-O e6 10. Re1 Bd6 11. Ng5 Bg6 12. Bf3 O-O 13. Nge4 Bf4 14. Nxf6+
gxf6 15. Ne4 Bxd2 16. Qxd2 Kg7 17. Qc3 Nd7 18. Ng3 Rae8 19. Re3 Re7 20. Rae1
Rfe8 21. Be4 Kg8 22. Bxg6 fxg6 23. Ne4 e5 24. d4 f5 25. Qc4+ Kg7 26. Nc5 Nb6
27. Qb3 Nd5 28. Rxe5 Rxe5 29. Rxe5 Rxe5 30. dxe5 Qb6 31. Qxb6 axb6 32. Nxb7 Nb4
33. Nd8 c5 34. a3 Nxc2 35. Nc6 Kf7 36. Kf1 Ke6 37. Ke2 Kd5 38. Na7 Nd4+ 1/2-1/2

[Event "Madrid ch - Previa A"]
[Site "Madrid ESP"]
[Date "2002.10.21"]
[Round "1.10"]
[White "Pardiñas Riaño, Emilio"]
[Black "Arias de Reyna, Francisco"]
[Result "1-0"]
[WhiteElo "1848"]
[BlackElo "1787"]
[PlyCount "87"]
[EventDate "2002.10.21"]
[EventType "swiss"]
[EventRounds "9"]
[EventCountry "ESP"]
[Source "lmi"]
[SourceDate "2002.10.21"]

1. e4 c6 2. d4 d5 3. Nd2 dxe4 4. Nxe4 Bf5 5. Ng3 Bg6 6. Nf3 Nd7 7. Nh4 Qc7 8.
Nxg6 hxg6 9. Be3 Ngf6 10. Be2 e6 11. Qd2 O-O-O 12. O-O-O Be7 13. c4 c5 14. Qc2
cxd4 15. Bxd4 Bc5 16. Kb1 Rh4 17. Bxc5 Nxc5 18. Rxd8+ Qxd8 19. Rd1 Rd4 20. Rxd4
Qxd4 21. Bf3 e5 22. b4 e4 23. bxc5 exf3 24. gxf3 Qxc5 25. Ne4 Qd4 26. Qd2 Qxd2
27. Nxd2 Kc7 28. Kc2 Kc6 29. Kc3 Nd7 30. Ne4 f6 31. f4 Nc5 32. Ng3 Ne6 33. Ne2
Kc5 34. h4 b6 35. a3 a6 36. f3 a5 37. Kd3 f5 38. Kc3 b5 39. cxb5 Kxb5 40. Kb3
Nc5+ 41. Kc3 Ka4 42. Kb2 Nd3+ 43. Ka2 Ne1 44. Nc3# 1-0

[Event "Madrid ch - Previa A"]
[Site "Madrid ESP"]
[Date "2002.10.21"]
[Round "1.11"]
[White "Alvarez Usero, Jose Luis"]
[Black "Rodriguez Bachiller, Luis"]
[Result "0-1"]
[WhiteElo "1762"]
[BlackElo "1978"]
[PlyCount "48"]
[EventDate "2002.10.21"]
[EventType "swiss"]
[EventRounds "9"]
[EventCountry "ESP"]
[Source "lmi"]
[SourceDate "2002.10.21"]

1. e4 c5 2. Nf3 Nc6 3. d4 cxd4 4. Nxd4 g6 5. Nc3 Bg7 6. Be3 Nf6 7. Be2 O-O 8.
O-O d5 9. exd5 Nxd5 10. Nxd5 Qxd5 11. Bf3 Qc4 12. Nxc6 bxc6 13. c3 Ba6 14. Qc2
Bb7 15. Qe4 Qxe4 16. Bxe4 e5 17. Rad1 Rfd8 18. Bxa7 Rxd1 19. Rxd1 Rxa7 20. Rd7
Rxa2 21. g3 Rxb2 22. Rd8+ Bf8 23. Rb8 Kg7 24. Bxc6 Rb1+ 0-1

[Event "Madrid ch - Previa A"]
[Site "Madrid ESP"]
[Date "2002.10.21"]
[Round "1.12"]
[White "Valero Peña, Lucio"]
[Black "Castro Uceda, Jose Antonio"]
[Result "0-1"]
[WhiteElo "1905"]
[BlackElo "1700"]
[PlyCount "58"]
[EventDate "2002.10.21"]
[EventType "swiss"]
[EventRounds "9"]
[EventCountry "ESP"]
[Source "lmi"]
[SourceDate "2002.10.21"]

1. d4 Nf6 2. Nf3 e6 3. Nbd2 b6 4. e4 Bb7 5. Bd3 d6 6. O-O Be7 7. Qe2 Nbd7 8. e5
Nd5 9. Ne4 O-O 10. Neg5 g6 11. exd6 cxd6 12. Nxe6 fxe6 13. Qxe6+ Kg7 14. Qh3
N5f6 15. Qh6+ Kh8 16. Bxg6 Rg8 17. Nh4 Nf8 18. Bd3 Ng4 19. Qh5 Bxh4 20. f3 Nf2
21. Rxf2 Bxf2+ 22. Kxf2 Qf6 23. c3 Qg7 24. g3 Ng6 25. d5 Rae8 26. f4 Qf6 27.
Be3 Re7 28. Bd4 Ne5 29. Kg1 Qxf4 0-1

[Event "Madrid ch - Previa A"]
[Site "Madrid ESP"]
[Date "2002.10.22"]
[Round "2.1"]
[White "Corredor Gonzalez, Angel"]
[Black "Martin Sanchez, Pablo"]
[Result "0-1"]
[WhiteElo "1874"]
[BlackElo "1998"]
[PlyCount "60"]
[EventDate "2002.10.21"]
[EventType "swiss"]
[EventRounds "9"]
[EventCountry "ESP"]
[Source "lmi"]
[SourceDate "2002.10.21"]

1. e4 e5 2. Nc3 Nc6 3. f4 exf4 4. Nf3 g5 5. h3 d6 6. d4 Bg7 7. Bb5 a6 8. Ba4 b5
9. Bb3 Na5 10. Qe2 b4 11. Nd5 Nxb3 12. axb3 c5 13. dxc5 h6 14. Nxb4 Ne7 15.
cxd6 Qxd6 16. c3 O-O 17. O-O a5 18. Rd1 Qb6+ 19. Kh1 Bb7 20. Nd5 Bxd5 21. exd5
Nf5 22. Qc2 Ng3+ 23. Kh2 Rfe8 24. Ng1 Qd6 25. Qf2 Bf8 26. Bd2 Qc7 27. Re1 Ne4
28. Qd4 f3+ 29. Kh1 Ng3+ 30. Kh2 Nf1+ 0-1

[Event "Madrid ch - Previa A"]
[Site "Madrid ESP"]
[Date "2002.10.22"]
[Round "2.2"]
[White "Roman Bada, Javier"]
[Black "Redondo Garcia, Jose Luis"]
[Result "1-0"]
[WhiteElo "2020"]
[BlackElo "1924"]
[PlyCount "58"]
[EventDate "2002.10.21"]
[EventType "swiss"]
[EventRounds "9"]
[EventCountry "ESP"]
[Source "lmi"]
[SourceDate "2002.10.21"]

1. e4 c5 2. Nc3 e6 3. g3 Nc6 4. Bg2 a6 5. d3 b5 6. f4 Bb7 7. Nf3 h6 8. O-O Be7
9. Be3 Nf6 10. e5 Nh7 11. Ne4 d6 12. exd6 Bxd6 13. Qe2 Nf6 14. Nxc5 Bxc5 15.
Bxc5 Ne7 16. Ne5 Bxg2 17. Qxg2 Qd5 18. Qf2 Rc8 19. b4 Nc6 20. c4 Qd8 21. Rae1
Nd7 22. Nxd7 Qxd7 23. f5 e5 24. f6 g6 25. cxb5 axb5 26. d4 Nd8 27. Rxe5+ Ne6
28. d5 Rxc5 29. Qxc5 Kd8 1-0

[Event "Madrid ch - Previa A"]
[Site "Madrid ESP"]
[Date "2002.10.22"]
[Round "2.3"]
[White "Martinez Alvarez, Carlos"]
[Black "Pardiñas Riaño, Emilio"]
[Result "1-0"]
[WhiteElo "1839"]
[BlackElo "1848"]
[PlyCount "59"]
[EventDate "2002.10.21"]
[EventType "swiss"]
[EventRounds "9"]
[EventCountry "ESP"]
[Source "lmi"]
[SourceDate "2002.10.21"]

1. e4 c5 2. Nf3 Nc6 3. d4 cxd4 4. Nxd4 Nf6 5. Nc3 e5 6. Nb3 Bb4 7. Qf3 d5 8.
exd5 Bg4 9. Qg3 Bxc3+ 10. bxc3 Qxd5 11. f3 O-O-O 12. Bd3 Be6 13. O-O Nh5 14.
Qh4 g6 15. c4 Qd6 16. c5 Qc7 17. Re1 Nd4 18. Nxd4 Rxd4 19. Re4 Rxe4 20. Qxe4
Nf6 21. Qe3 Nd5 22. Qf2 h6 23. Bd2 g5 24. Rb1 f5 25. c6 bxc6 26. Ba6+ Kd8 27.
Rb7 Qd6 28. Qxa7 Nc7 29. Rb8+ Ke7 30. Bb4 1-0

[Event "Madrid ch - Previa A"]
[Site "Madrid ESP"]
[Date "2002.10.22"]
[Round "2.6"]
[White "Castro Uceda, Jose Antonio"]
[Black "Hernandez del Can, Jose"]
[Result "1/2-1/2"]
[WhiteElo "1700"]
[BlackElo "1911"]
[PlyCount "63"]
[EventDate "2002.10.21"]
[EventType "swiss"]
[EventRounds "9"]
[EventCountry "ESP"]
[Source "lmi"]
[SourceDate "2002.10.21"]

1. d4 Nf6 2. c4 g6 3. Nc3 Bg7 4. e4 d6 5. Nf3 O-O 6. Be2 e5 7. d5 c6 8. Bg5 c5
9. O-O Qb6 10. Qd2 Re8 11. Rab1 Nbd7 12. Bh6 a6 13. Qg5 Nf8 14. a3 Qd8 15. Bxg7
Kxg7 16. b4 h6 17. Qd2 b6 18. bxc5 bxc5 19. Rb3 Qa5 20. Rfb1 N8d7 21. h4 Qc7
22. Nh2 Rb8 23. Bg4 Rxb3 24. Rxb3 Nb6 25. Bxc8 Rxc8 26. Qd3 Rb8 27. Qb1 Nfd7
28. Qd3 Nc8 29. Qb1 Rxb3 30. Qxb3 Qb6 31. Qa4 Nf6 32. Qc2 1/2-1/2

[Event "Madrid ch - Previa A"]
[Site "Madrid ESP"]
[Date "2002.10.22"]
[Round "2.7"]
[White "Rojas Jerez, Francisco J"]
[Black "Sanchez Rodenas, Jose Antonio"]
[Result "1-0"]
[WhiteElo "1961"]
[BlackElo "1841"]
[PlyCount "79"]
[EventDate "2002.10.21"]
[EventType "swiss"]
[EventRounds "9"]
[EventCountry "ESP"]
[Source "lmi"]
[SourceDate "2002.10.21"]

1. d4 d5 2. c4 c6 3. Nc3 e6 4. Nf3 Nf6 5. Bg5 Nbd7 6. e3 Be7 7. Bd3 dxc4 8.
Bxc4 b5 9. Bd3 a6 10. O-O Bb7 11. a4 O-O 12. Qc2 h6 13. Bh4 Rc8 14. Rfd1 b4 15.
Bxf6 Nxf6 16. Ne4 Qc7 17. Nc5 a5 18. Nxb7 Qxb7 19. Qe2 Qb6 20. e4 Rfd8 21. Rac1
Bf8 22. Rc4 Rc7 23. Rdc1 Rdc8 24. h4 g6 25. e5 Nd5 26. Qe4 Ne7 27. h5 Bg7 28.
hxg6 fxg6 29. Qg4 Kf7 30. Nd2 c5 31. Ne4 Nf5 32. Nd6+ Nxd6 33. Qxg6+ Kf8 34.
dxc5 Rxc5 35. exd6 Qxd6 36. b3 Rxc4 37. Bxc4 Qf4 38. Re1 e5 39. Qd6+ Ke8 40.
Bb5+ 1-0

[Event "Madrid ch - Previa A"]
[Site "Madrid ESP"]
[Date "2002.10.22"]
[Round "2.8"]
[White "Huerta Navarro, Eusebio"]
[Black "Lopez Mansillas, Vicente"]
[Result "1-0"]
[WhiteElo "1946"]
[BlackElo "1837"]
[PlyCount "145"]
[EventDate "2002.10.21"]
[EventType "swiss"]
[EventRounds "9"]
[EventCountry "ESP"]
[Source "lmi"]
[SourceDate "2002.10.21"]

1. d4 d5 2. c4 e6 3. Nc3 Nf6 4. Bg5 Be7 5. Nf3 Nbd7 6. cxd5 exd5 7. e3 O-O 8.
Bd3 Re8 9. O-O a6 10. Rc1 c6 11. Bb1 Ne4 12. Bxe7 Rxe7 13. Nxe4 dxe4 14. Nd2
Nf6 15. Nb3 Bf5 16. Qc2 Qd6 17. Qc5 Qd7 18. Na5 Be6 19. b3 Rd8 20. Nc4 Qc7 21.
Qe5 Bd5 22. Qg5 h6 23. Qh4 Be6 24. Ne5 Bf5 25. f3 Rxe5 26. dxe5 Qxe5 27. fxe4
Bg6 28. Qf4 Re8 29. Rc4 Bxe4 30. Bxe4 Nxe4 31. Qxf7+ Kh8 32. Qf4 Qxf4 33. Rxf4
Nd2 34. Rcd4 Nb1 35. Rd3 Na3 36. e4 Nb5 37. Re3 Kg8 38. e5 Nc7 39. Re2 Nd5 40.
Rf3 Re6 41. Kf1 b6 42. a3 g5 43. g3 Kg7 44. Ke1 Kg6 45. Kd2 a5 46. Rf8 Nc7 47.
Kd3 Na6 48. Kd4 Nc5 49. b4 axb4 50. axb4 Nd7 51. Rd8 Re7 52. g4 Kf7 53. Rc8 Re6
54. Rf2+ Ke7 55. Rh8 Nxe5 56. h3 Kd6 57. Rhf8 c5+ 58. bxc5+ bxc5+ 59. Kc3 Ke7
60. R8f5 Kd6 61. Rf6 Ke7 62. Rxe6+ Kxe6 63. Rf8 Nf7 64. Re8+ Kd6 65. Rc8 Ne5
66. Rf8 Ke7 67. Rh8 Nf7 68. Ra8 Ke6 69. Kc4 Ne5+ 70. Kxc5 Nd7+ 71. Kd4 Kf6 72.
Ra6+ Kg7 73. Ra7 1-0

[Event "Madrid ch - Previa A"]
[Site "Madrid ESP"]
[Date "2002.10.22"]
[Round "2.9"]
[White "Martin-Consuegra, Javier"]
[Black "Suarez Prieto, Leopoldo"]
[Result "1-0"]
[WhiteElo "1923"]
[BlackElo "1918"]
[PlyCount "61"]
[EventDate "2002.10.21"]
[EventType "swiss"]
[EventRounds "9"]
[EventCountry "ESP"]
[Source "lmi"]
[SourceDate "2002.10.21"]

1. d4 Nf6 2. Bg5 Ne4 3. Bf4 g5 4. Bc1 e6 5. f3 Nd6 6. e4 Nc6 7. Be3 b6 8. Nc3
Bb7 9. Qd2 h6 10. O-O-O Bg7 11. g4 Qe7 12. e5 Nc8 13. Bg2 d6 14. f4 dxe5 15.
dxe5 Na5 16. Bxb7 Nxb7 17. Qg2 c5 18. Qc6+ Kf8 19. Nf3 Rb8 20. Rd7 Na5 21. Qc7
Bxe5 22. Nxe5 Rb7 23. Qxc8+ Kg7 24. Qxh8+ Kxh8 25. Rxe7 Rxe7 26. fxg5 c4 27.
gxh6 Kh7 28. g5 Nb7 29. Ne4 b5 30. Nf6+ Kh8 31. g6 1-0

[Event "Madrid ch - Previa A"]
[Site "Madrid ESP"]
[Date "2002.10.22"]
[Round "2.10"]
[White "Hernandez Navas, Francisco Javier"]
[Black "Canseco Arenas, Alfonso"]
[Result "1-0"]
[WhiteElo "1923"]
[BlackElo "1901"]
[PlyCount "116"]
[EventDate "2002.10.21"]
[EventType "swiss"]
[EventRounds "9"]
[EventCountry "ESP"]
[Source "lmi"]
[SourceDate "2002.10.21"]

1. c4 Nf6 2. Nc3 g6 3. g3 Bg7 4. Bg2 c5 5. d3 O-O 6. Nf3 Nc6 7. O-O d6 8. a3 a5
9. e4 e5 10. Bg5 h6 11. Bxf6 Qxf6 12. Nd5 Qd8 13. Qd2 Bg4 14. Rab1 Kh7 15. h3
Be6 16. Kh2 Ra7 17. Nh4 Nd4 18. f4 Bxd5 19. exd5 exf4 20. Nf3 fxg3+ 21. Kxg3
Nxf3 22. Bxf3 Be5+ 23. Kg2 Qh4 24. Qf2 Qf4 25. Kh1 b6 26. b3 Qg3 27. Qg2 Qxg2+
28. Kxg2 f5 29. a4 h5 30. h4 Re7 31. Rbe1 Rfe8 32. Kh3 Kg7 33. Re2 Kf6 34. Ree1
Bc3 35. Rc1 Bd4 36. Rcd1 Re3 37. Kg2 R3e7 38. Kh3 Bc3 39. Kg2 Re1 40. Kf2 Rxd1
41. Rxd1 Bd4+ 42. Kf1 Re3 43. Kg2 Ke5 44. Kg3 Bc3 45. Kf2 Kf4 46. Be2 Bd4 47.
Rf1 Rh3+ 48. Kg2+ Ke3 49. Kxh3 Kxe2 50. Kg2 Kxd3 51. Rf3+ Kc2 52. Rg3 Be5 53.
Re3 Bf6 54. Re6 Bxh4 55. Rxd6 g5 56. Rxb6 g4 57. Rb5 f4 58. d6 f3+ 1-0

[Event "Madrid ch - Previa A"]
[Site "Madrid ESP"]
[Date "2002.10.22"]
[Round "2.11"]
[White "Cano Mercado, Francisco"]
[Black "Aburto Renovales, Rafael"]
[Result "1-0"]
[WhiteElo "1978"]
[BlackElo "2000"]
[PlyCount "79"]
[EventDate "2002.10.21"]
[EventType "swiss"]
[EventRounds "9"]
[EventCountry "ESP"]
[Source "lmi"]
[SourceDate "2002.10.21"]

1. e4 c5 2. Nf3 e6 3. d4 cxd4 4. Nxd4 Nc6 5. c4 Nf6 6. Nxc6 bxc6 7. Nc3 d6 8.
Be2 Be7 9. O-O Bb7 10. Be3 O-O 11. f4 Qc7 12. Bf3 Ba6 13. b3 Rac8 14. Ne2 Rfd8
15. Qe1 Bb7 16. Nd4 Qd7 17. e5 dxe5 18. fxe5 Ne8 19. Rd1 Qc7 20. Qg3 g6 21. Bg4
Ng7 22. Qf4 Rf8 23. Qg3 a6 24. Bh6 c5 25. Bxg7 Kxg7 26. Ne2 Rcd8 27. Nf4 Rxd1
28. Rxd1 Qc8 29. Nh5+ gxh5 30. Bxe6+ Kh8 31. Bxc8 Bxc8 32. Qf4 Bg4 33. Rd3 Kg7
34. Rd6 Bxd6 35. Qf6+ Kg8 36. Qxd6 a5 37. Qxc5 Rd8 38. Qxa5 Rd1+ 39. Kf2 Rd3
40. c5 1-0

[Event "Madrid ch - Previa A"]
[Site "Madrid ESP"]
[Date "2002.10.22"]
[Round "2.12"]
[White "Arias de Reyna, Francisco"]
[Black "Gonzalo Gonzalez, Francisco"]
[Result "1/2-1/2"]
[WhiteElo "1787"]
[BlackElo "1961"]
[PlyCount "103"]
[EventDate "2002.10.21"]
[EventType "swiss"]
[EventRounds "9"]
[EventCountry "ESP"]
[Source "lmi"]
[SourceDate "2002.10.21"]

1. c4 Nf6 2. Nc3 e6 3. Nf3 Nc6 4. g3 Bc5 5. Bg2 b6 6. O-O e5 7. d3 h6 8. Na4
Bd6 9. Nc3 Bb7 10. e3 O-O 11. b3 Nh7 12. Bb2 f5 13. Nd5 Nf6 14. Nxf6+ Qxf6 15.
a3 Rab8 16. Qd2 Na5 17. Qc2 Qe7 18. b4 Nc6 19. d4 e4 20. Nd2 Qg5 21. Rfe1 Rf7
22. c5 Be7 23. d5 Nd8 24. Qc4 bxc5 25. bxc5 Bxd5 26. Qxd5 Rxb2 27. Rab1 Rc2 28.
Rec1 Rxc1+ 29. Rxc1 d6 30. cxd6 Bxd6 31. Nc4 Qf6 32. Nxd6 Qxd6 33. Qxd6 cxd6
34. Rc8 Rd7 35. Bf1 d5 36. Bb5 Rd6 37. Rc7 a6 38. Bf1 Nf7 39. Ra7 Ne5 40. Rxa6
Rxa6 41. Bxa6 Kf7 42. Kf1 g5 43. a4 g4 44. Be2 Ke7 45. Ke1 Kd6 46. Kd2 Kc5 47.
Kc3 h5 48. a5 Nc6 49. a6 Kb6 50. Kb2 d4 51. exd4 Nxd4 52. Kc3 1/2-1/2

[Event "Madrid ch - Previa A"]
[Site "Madrid ESP"]
[Date "2002.10.22"]
[Round "2.13"]
[White "Alvarez Usero, Jose Luis"]
[Black "Valero Peña, Lucio"]
[Result "1-0"]
[WhiteElo "1762"]
[BlackElo "1915"]
[PlyCount "41"]
[EventDate "2002.10.21"]
[EventType "swiss"]
[EventRounds "9"]
[EventCountry "ESP"]
[Source "lmi"]
[SourceDate "2002.10.21"]

1. e4 e5 2. Nf3 d6 3. d4 Nd7 4. dxe5 dxe5 5. Bc4 Qe7 6. O-O c6 7. Ng5 Nh6 8.
Nc3 Nb6 9. Bb3 f6 10. h4 Bg4 11. f3 Bh5 12. g4 Bf7 13. Nxf7 Nxf7 14. Be3 g6 15.
Qe2 Bh6 16. Rad1 Nd7 17. Bxf7+ Kxf7 18. Bxh6 Nc5 19. Qc4+ Ne6 20. Be3 Kg7 21.
Rf2 1-0

[Event "Madrid ch - Previa A"]
[Site "Madrid ESP"]
[Date "2002.10.23"]
[Round "3.1"]
[White "Martin Sanchez, Pablo"]
[Black "Noriega de la Sierra, Antonio"]
[Result "0-1"]
[WhiteElo "1998"]
[BlackElo "1846"]
[PlyCount "96"]
[EventDate "2002.10.21"]
[EventType "swiss"]
[EventRounds "9"]
[EventCountry "ESP"]
[Source "lmi"]
[SourceDate "2002.10.21"]

1. e4 c5 2. d4 cxd4 3. Nf3 Nc6 4. Nxd4 g6 5. Be3 Bg7 6. c3 Nf6 7. f3 a6 8. Be2
Qc7 9. Qd2 d5 10. Nxc6 bxc6 11. exd5 cxd5 12. Na3 Bb7 13. Bh6 O-O 14. h4 Qg3+
15. Kf1 Bxh6 16. Qxh6 d4 17. Rh3 Qe5 18. f4 Bxg2+ 19. Ke1 Qe4 20. Rg3 Nh5 21.
Qxh5 d3 22. Qg4 f5 23. Qh5 Rf7 24. Kf2 Rg7 25. Bf3 gxh5 26. Rxg7+ Kxg7 27. Bxe4
Bxe4 28. Ke3 Rd8 29. Nc4 Kf6 30. Nd2 Bb7 31. Nc4 Rg8 32. Kxd3 Rg3+ 33. Kd4 Rf3
34. Re1 Rxf4+ 35. Kc5 Rxh4 36. b4 Rh3 37. Kd4 Rh4+ 38. Kc5 Rh3 39. Kd4 Be4 40.
a4 Rd3+ 41. Kc5 Rxc3 42. Re3 Bd3 43. Rxd3 Rxd3 44. Nb6 h4 45. Kc4 Rd6 46. Kc5
Rxb6 47. Kxb6 h3 48. Kxa6 h2 0-1

[Event "Madrid ch - Previa A"]
[Site "Madrid ESP"]
[Date "2002.10.23"]
[Round "3.3"]
[White "Martinez Alvarez, Carlos"]
[Black "Roman Bada, Javier"]
[Result "1/2-1/2"]
[WhiteElo "1839"]
[BlackElo "2020"]
[PlyCount "43"]
[EventDate "2002.10.21"]
[EventType "swiss"]
[EventRounds "9"]
[EventCountry "ESP"]
[Source "lmi"]
[SourceDate "2002.10.21"]

1. e4 c6 2. d4 d5 3. Nc3 dxe4 4. Nxe4 Bf5 5. Ng3 Bg6 6. Nf3 Nd7 7. h4 h6 8. h5
Bh7 9. Bd3 Bxd3 10. Qxd3 e6 11. Bd2 Qc7 12. O-O Ngf6 13. Rfe1 Bd6 14. Nf5 O-O-O
15. Nxd6+ Qxd6 16. Ne5 Nxe5 17. dxe5 Qxd3 18. cxd3 Nd5 19. Rad1 Rd7 20. Be3 b6
21. a3 Rhd8 22. Bc1 1/2-1/2